[Event "World Corporate East E"]
[Site "Chess.com INT"]
[Date "2021.02.20"]
[Round "6.4"]
[White "Petrov, Viktor"]
[Black "Simsek, Cevdet"]
[Result "1-0"]
[WhiteElo "1932"]
[BlackElo "2061"]
[PlyCount "91"]
[EventDate "2021.02.19"]
[EventType "team (rapid)"]
[EventRounds "7"]
[EventCountry "USA"]
[SourceTitle "EXT 2022"]
[Source "ChessBase"]
[SourceDate "2021.10.06"]
[SourceVersion "1"]
[SourceVersionDate "2021.10.06"]
[SourceQuality "1"]
[WhiteTeam "Kaspersky"]
[BlackTeam "Emirates"]
[WhiteTeamCountry "RUS"]
[BlackTeamCountry "UAE"]

1. e4 c6 2. Nc3 d5 3. d4 dxe4 4. Nxe4 Nd7 5. Nf3 Ngf6 6. Ng3 Qc7 7. Bd3 e6 8. 0-0 Bd6 9. a3 0-0 10. b4 a5 11. b5 c5 12. dxc5 Nxc5 13. Bg5 Nd5 14. Qd2 b6 15. Rfd1 Bb7 16. c4 Bf4 17. Qc2 Nxd3 18. Qxd3 Nf6 19. Bxf4 Qxf4 20. Rac1 Rac8 21. Qd4 Qc7 22. Nd2 Rfd8 23. Qh4 h6 24. h3 Qc5 25. Nde4 Rxd1+ 26. Rxd1 Nxe4 27. Nxe4 Qxc4 28. Rd8+ Rxd8 29. Nf6+ gxf6 30. Qxc4 Rc8 31. Qd4 Rc5 32. a4 Bd5 33. Qxf6 Rc4 34. Qd8+ Kg7 35. Qxb6 Rxa4 36. Qa7 Ra2 37. b6 Rb2 38. Qxa5 Rb3 39. Qc5 Kg6 40. Kh2 Kg7 41. h4 Kg6 42. Qd4 Kh7 43. h5 Kg8 44. Qf6 Rxb6 45. Qd8+ Kg7 46. Qxb6 1-0

[Event "TUR-chT"]
[Site "Kocaeli"]
[Date "2014.08.18"]
[Round "1.3"]
[White "Sari, Yasin"]
[Black "Simsek, Cevdet"]
[Result "1/2-1/2"]
[WhiteElo "2076"]
[BlackElo "2086"]
[PlyCount "64"]
[EventDate "2014.08.18"]
[EventType "team-tourn"]
[EventRounds "13"]
[EventCountry "TUR"]
[SourceTitle "CBM 162 Extra"]
[Source "ChessBase"]
[SourceDate "2014.10.17"]
[SourceVersion "1"]
[SourceVersionDate "2014.10.17"]
[SourceQuality "1"]
[WhiteTeam "Antalya Calli"]
[BlackTeam "Turk Hava Yollari"]
[WhiteTeamCountry "TUR"]
[BlackTeamCountry "TUN"]

1. e4 c6 2. d4 d5 3. e5 Bf5 4. Nd2 e6 5. Nb3 Nd7 6. Nf3 Qc7 7. Be2 Ne7 8. 0-0 h6 9. Bd2 g5 10. a4 Ng6 11. a5 f6 12. exf6 Nxf6 13. Ne5 Bd6 14. Bh5 Nxh5 15. Qxh5 Bxe5 16. dxe5 0-0-0 17. a6 b6 18. Nd4 Nxe5 19. Qe2 Rhe8 20. Rfe1 Ng4 21. g3 Nf6 22. Rac1 Bg4 23. f3 e5 24. Nxc6 Qxc6 25. fxg4 d4 26. Rf1 e4 27. Bb4 Qe6 28. Rf5 Nd5 29. Qc4+ Nc7 30. Qf1 Nd5 31. Qc4+ Nc7 32. Qf1 Nd5 1/2-1/2

[Event "TUR-ch"]
[Site "Antalya"]
[Date "2013.02.08"]
[Round "10"]
[White "Simsek, Cevdet"]
[Black "Okus, Melih"]
[Result "1-0"]
[WhiteElo "2073"]
[BlackElo "2000"]
[PlyCount "65"]
[EventDate "2013.02.02"]
[EventType "swiss"]
[EventRounds "11"]
[EventCountry "TUR"]
[SourceTitle "CBM 152 Extra"]
[Source "ChessBase"]
[SourceDate "2013.02.25"]
[SourceVersion "1"]
[SourceVersionDate "2013.02.25"]
[SourceQuality "1"]

1. d4 d5 2. Nf3 Bf5 3. c4 dxc4 4. Nc3 Nf6 5. Ne5 e6 6. f3 Be7 7. e4 Bg6 8. Bxc4 0-0 9. Be3 Nbd7 10. Nxg6 hxg6 11. 0-0 a6 12. Qe2 b5 13. Bb3 c5 14. d5 exd5 15. Nxd5 Bd6 16. Rad1 c4 17. Nxf6+ Qxf6 18. Bc2 Rfd8 19. Kh1 Nc5 20. f4 Qxb2 21. Bd4 Qb4 22. Rb1 Qa5 23. e5 Bf8 24. Bxc5 Bxc5 25. e6 f5 26. e7 Bxe7 27. Qxe7 Re8 28. Qd6 Rad8 29. Qxg6 Qxa2 30. Bxf5 c3 31. Bc2 Re6 32. Qh7+ Kf8 33. Bb3 1-0

[Event "TUR-ch"]
[Site "Antalya"]
[Date "2013.02.06"]
[Round "7"]
[White "Sari, Yasin"]
[Black "Simsek, Cevdet"]
[Result "1/2-1/2"]
[WhiteElo "1934"]
[BlackElo "2073"]
[PlyCount "166"]
[EventDate "2013.02.02"]
[EventType "swiss"]
[EventRounds "11"]
[EventCountry "TUR"]
[SourceTitle "CBM 152 Extra"]
[Source "ChessBase"]
[SourceDate "2013.02.25"]
[SourceVersion "1"]
[SourceVersionDate "2013.02.25"]
[SourceQuality "1"]

1. e4 c6 2. d4 d5 3. Nc3 dxe4 4. Nxe4 Nf6 5. Nxf6+ gxf6 6. Nf3 Bg4 7. Be3 Nd7 8. Be2 Nb6 9. Qd2 e6 10. 0-0-0 Qd5 11. Kb1 Nc4 12. Qc3 Nxe3 13. Qxe3 0-0-0 14. Qf4 Bf5 15. Nh4 Qe4 16. Qxe4 Bxe4 17. f3 Bg6 18. Nxg6 hxg6 19. h3 Rh4 20. c3 Bd6 21. Rd3 c5 22. dxc5 Bxc5 23. Rhd1 Rxd3 24. Rxd3 Kc7 25. Kc2 e5 26. b4 Bd6 27. Kb3 f5 28. c4 e4 29. Rd5 Rh8 30. c5 Bf4 31. Kc4 Re8 32. Kc3 Re7 33. Kc2 Bg3 34. Rd1 Bf2 35. a3 Bh4 36. Rd5 Bg3 37. Rd1 Be5 38. b5 Bg3 39. Rd5 Bf2 40. Kc3 Bg3 41. a4 Bf2 42. Kc4 Be1 43. Rd1 Ba5 44. Rd5 e3 45. Rd4 Bd2 46. Rd5 Re8 47. Rd6 Re5 48. Rd5 Re6 49. Rd4 Ba5 50. Rd5 Be1 51. Kd4 Bd2 52. Kc4 Ba5 53. Rd4 Re8 54. Rd5 Rh8 55. Re5 Rh4+ 56. Kb3 Bd2 57. Re7+ Kc8 58. Rxf7 Rb4+ 59. Ka3 Rd4 60. c6 bxc6 61. bxc6 Ba5 62. Ba6+ Kd8 63. Rxa7 Rd2 64. Ra8+ Ke7 65. Bb5 Bb6 66. Rc8 e2 67. c7 Bxc7 68. Re8+ Kd6 69. Bxe2 Kd7 70. Bb5+ Kd6 71. g4 Rf2 72. Re3 f4 73. Rc3 Ba5 74. Rd3+ Kc5 75. h4 Rh2 76. Kb3 Rxh4 77. Be8 g5 78. Bf7 Rh3 79. Bd5 Rh2 80. Be4 Rd2 81. Rxd2 Bxd2 82. Kc2 Ba5 83. Kd3 Be1 1/2-1/2

[Event "TUR-ch"]
[Site "Antalya"]
[Date "2013.02.05"]
[Round "5"]
[White "Bulgurlu, Okan"]
[Black "Simsek, Cevdet"]
[Result "0-1"]
[WhiteElo "1854"]
[BlackElo "2073"]
[PlyCount "136"]
[EventDate "2013.02.02"]
[EventType "swiss"]
[EventRounds "11"]
[EventCountry "TUR"]
[SourceTitle "CBM 152 Extra"]
[Source "ChessBase"]
[SourceDate "2013.02.25"]
[SourceVersion "1"]
[SourceVersionDate "2013.02.25"]
[SourceQuality "1"]

1. d4 d5 2. c4 c6 3. Nf3 Nf6 4. Nc3 a6 5. e3 e6 6. c5 Nbd7 7. b4 Qc7 8. Be2 e5 9. Bb2 e4 10. Nd2 Be7 11. f4 exf3 12. gxf3 Nf8 13. Qc2 Ng6 14. 0-0-0 0-0 15. h4 Re8 16. h5 Nf8 17. Rdg1 h6 18. Kb1 N8h7 19. f4 Bf8 20. Nf1 Kh8 21. Bc1 b6 22. Na4 b5 23. Nb6 Rb8 24. Nxc8 Rbxc8 25. Bd3 Ne4 26. Ng3 Nxg3 27. Rxg3 Nf6 28. Bd2 Ne4 29. Bxe4 Rxe4 30. Qd1 Qd7 31. Qg4 Qxg4 32. Rxg4 Kh7 33. Rhg1 Rce8 34. R4g3 R8e6 35. Rh1 Rf6 36. Kc2 Rf5 37. Kd3 Be7 38. Be1 g6 39. hxg6+ fxg6 40. Rgh3 h5 41. Bh4 Bxh4 42. Rxh4 Re7 43. Rg1 a5 44. a4 bxa4 45. Ra1 axb4 46. Rxa4 Rb7 47. Kc2 b3+ 48. Kb2 Kh6 49. Ra6 Rf6 50. Rb6 Re7 51. Rh3 g5 52. fxg5+ Kxg5 53. Rxb3 Rf2+ 54. Ka3 Ra7+ 55. Kb4 Rb7+ 56. Ka3 Rxb3+ 57. Kxb3 Kg4 58. Rh1 Rf3 59. Rg1+ Kf5 60. Re1 h4 61. Ka4 Ke4 62. Ka5 Rf6 63. Rh1 Rh6 64. Rh3 Kf5 65. Kb6 Kg4 66. Rh1 h3 67. Kc7 Kg3 68. Rg1+ Kf2 0-1